000 00340nam a2200145Ia 4500
008 230917s9999||||xx |||||||||||||| ||und||
040 _e147931
_aMAIN
041 _aEnglish
082 _a301.11 O2L:S
100 _aLalljee, Man sur
245 0 _aSocial interaction
260 _aWalton Hall
_bOUP
_c1976
300 _a67p. p.
942 _cBK
999 _c39038
_d39038